000 00526ntaaa2200193 4500
003 01
005 20251027202746.0
008 0714s1973 ag 01
040 _aAR-BaBN
_bspa
_cAR-BaBN
_eaacr
_dRIC
082 _a793.0000 C76
100 _aConfederación Juvenil Judeo-Argentina
_927705
245 _aPáginas del madrij No. 5
250 _a1 ed.
260 _aBuenos Aires :
_bConfederación Judeo-Argentina,
_c1968
300 _a149 p
500 _aColección de 278 juegos
650 _arecreación
_918895
942 _cBK
999 _c22878
_d22878